Coaches of the Macedonian national football team - Statistics

General Stats
  • This quiz has been taken 7 times
  • The average score is 4 of 18
Answer Stats
Hint Answer % Correct
2021- Blagoja Milevski
100%
2015-2021 Igor Angelovski
100%
2012-2012 Goce Sedloski
50%
2005-2006 & 2011 Boban Babunski
25%
2014-2015 Boshko Gjurovski
25%
1999-2001 & 2003-2005 Dragi Kanatlarovski
25%
2011-2012 John Toshack
25%
2006-2009 Srečko Katanec
25%
1993-1995 Andon Donchevski
0%
2012-2013 Chedomir Janevski
0%
1996-1999 Gjoko Hadjievski
0%
2001-2002 Gjore Jovanovski
0%
2015-2015 Ljubinko Drulović
0%
2009-2011 Mirsar Jonuz
0%
2002-2003 Nikola Ilievski
0%
2005-2005 Slobodan Santrač
0%
2011 Vlatko Kostov
0%
2013-2013 Zoran Stratev
0%
No matching quizzes found
Score Distribution
Percent of People with Each Score
Percentile by Number Answered
Your Score History
You have not taken this quiz